000 01401nam0a2200361 4500
001 RU\NLR\BIBL_A\010023234
005 20260405173339.0
010 _a978-5-9925-0409-5
_92000
021 _aRU
_b2013-94180
_96530
035 _a(NILC)RuMoRGB-006699288
035 _a(NLR Aleph) 010023234
090 _a9912374
_c9912374
100 _a20140121d2013 |||y0rusy50 ca
101 0 _aeng
_drus
102 _aRU
105 _ay||||||||||||
200 1 _aFiesta, and the sun also rises
_e[книга для чтения на английском языке]
_fErnest Hemingway
_gкоммент. и слов. А. В. Клетневой
210 _aСанкт-Петербург
_cКАРО
_d2013
215 _a285, [2] с.
_d17 см
225 1 _aEnglish
_iModern prose
300 _aВ вып. дан.: Фиеста, и солнце восходит / Эрнест Хемингуэй
300 _aРез. на рус. яз
333 _a16+
517 0 _aФиеста, и солнце восходит
606 1 _aАнглийский язык
_jКниги для чтения
_9972309
_3RU\NLR\AUTH\6646032
686 1 _aШ143.21-93рус91
700 1 _8eng
_7ba
_aHemingway
_bE.
_f1899-1961
_gErnest
_3RU\NLR\AUTH\7774728
_957656
801 0 _aRU
_bRuMoRKP
_c20120516
_gRCR
801 2 _aRU
_bРГБ
_c20131121
_grcr
942 _cBOOK
980 _aNB